00156nam a2200061Ia 4500245001400000100003900014008004100053 0aGenetics  a Claybourne, Anna London, 2006 210817s9999 xx 000 0 und d